| 000 | 01436aam a2200397 i 4500 | ||
|---|---|---|---|
| 999 |
_c45105 _d45105 |
||
| 001 | 18692 | ||
| 003 | CO-MdBIC | ||
| 005 | 20190606122928.0 | ||
| 008 | 190524t2003 dce|| |||| 00| 0 eng d | ||
| 020 | _a0310245648 | ||
| 040 |
_aCO-MdFUSB _bspa _cCO-MdFUSB _dCO-MdFUSBC _erda |
||
| 041 | _aeng | ||
| 082 | 0 | 4 |
_a26 _2260 _bK49 |
| 100 |
_aKimball, Dan, _eautor |
||
| 245 | 1 | 4 |
_aThe Emerging Church : Vintage Christianity for new generations _c/ Dan Kimball ; prólogo por Rick Warren ; Brian McLaren. |
| 264 | 1 |
_aGrand Rapids, Michigan : Zondervan _bZondervan, _c[2003] |
|
| 264 | 4 | _c© 2003 | |
| 300 |
_a266 páginas _c; 24 cm |
||
| 336 |
_atexto _btxt _2rdacontent |
||
| 337 |
_2rdamedia _asin mediación _bn |
||
| 338 |
_2rdacarrier _avolumen _bnc |
||
| 505 | 0 | _aEntiendo el ministerio postmoderno -- Reconstrucción del cristianismo clásico en la iglesia emergente. | |
| 563 | _aRústico | ||
| 650 | 7 |
_aIglesia _9655 |
|
| 650 | 0 |
_aAcción social _91175 |
|
| 700 |
_91978 _aWarren, Rick, _eprologuista |
||
| 700 |
_91979 _aMcLaren, Brian, _eprologuista |
||
| 700 |
_aWarren, Rick, _91978 _ecomentarista |
||
| 700 |
_aHendricks, Howard, _91980 _ecomentarista |
||
| 700 |
_aMcLaren, Brian, _91979 _ecomentarista |
||
| 700 |
_aMorgenthaler, Sally, _91981 _ecomentarista |
||
| 700 |
_aIngram, Chip, _91982 _ecomentarista |
||
| 700 |
_aOestreicher, Mark, _91983 _ecomentarista |
||
| 942 | _cBK | ||
| 945 |
_aJTF-925 _bAEM-53 |
||